000 00589nam a2200181 4500
999 _c162327
_d162327
005 20190311122027.0
010 _aENG-124866
020 _a9788179919330
_c675.00
035 _aEN-108398
037 _bDBAD/PUB
082 _a641.593
100 _aBanerjee,Ananya
245 _aBangla gastronomy:
_cby Lovely Sharma
_bthe journey of bengali food/
260 _aMumbai
_bPopular Prakashan
_c2018
270 _a301,Mahalaxmi Chambers 22,Bhulabhai Desai Road,
_bMumbai
_e400026
_mwww.popularprakashan.com
300 _a176p.
_c23cm(pbk)
942 _2ddc
_cEN
_h641.593
_mBAN